[Event "Assiut op 5th"]
[Site "Assiut"]
[Date "2009.08.10"]
[Round "6"]
[White "Elgantiry, Ahmed"]
[Black "Eldesoky, Hatem"]
[Result "0-1"]
[WhiteElo "1956"]
[BlackElo "2237"]
[PlyCount "64"]
[EventDate "2009.08.04"]
[EventType "swiss"]
[EventRounds "9"]
[EventCountry "EGY"]
[SourceTitle "EXT 2010"]
[Source "ChessBase"]
[SourceDate "2010.11.25"]
[SourceVersion "1"]
[SourceVersionDate "2010.11.25"]
[SourceQuality "1"]

1. e4 c6 2. d4 d5 3. e5 Bf5 4. Nf3 e6 5. Be2 c5 6. Be3 Ne7 7. 0-0 Nd7 8. c4 dxc4 9. Na3 Nc6 10. Nxc4 cxd4 11. Nxd4 Be4 12. Nb5 Bd5 13. Nbd6+ Bxd6 14. Nxd6+ Kf8 15. f4 Ne7 16. Qd4 h6 17. Bh5 g6 18. f5 Nc6 19. Qd2 Ndxe5 20. Bxh6+ Rxh6 21. Qxh6+ Ke7 22. fxg6 fxg6 23. Nxb7 Qh8 24. Qg5+ Kd7 25. Bg4 Rb8 26. Nc5+ Kd6 27. Nb3 a5 28. Rae1 a4 29. Nd2 Rxb2 30. Nf3 Rxa2 31. Ra1 Rxa1 32. Rxa1 Nxf3+ 0-1

[Event "Egypt op"]
[Site "Egypt"]
[Date "2009.07.21"]
[Round "2"]
[White "Eldardery, Alaa"]
[Black "Elgantiry, Ahmed"]
[Result "1-0"]
[WhiteElo "2228"]
[BlackElo "1956"]
[PlyCount "93"]
[EventDate "2009.07.20"]
[EventType "swiss"]
[EventRounds "9"]
[EventCountry "EGY"]
[SourceTitle "EXT 2011"]
[Source "ChessBase"]
[SourceDate "2010.11.26"]
[SourceVersion "1"]
[SourceVersionDate "2010.11.26"]
[SourceQuality "1"]

1. d4 d5 2. c4 Nc6 3. Nf3 e5 4. cxd5 Qxd5 5. Nc3 Bb4 6. Bd2 Bxc3 7. Bxc3 e4 8. Nd2 Nf6 9. e3 0-0 10. Qb3 Qf5 11. Qb5 Qg6 12. h4 a6 13. Qg5 Re8 14. Qxg6 hxg6 15. Be2 Nd5 16. a3 b5 17. 0-0 Nxc3 18. bxc3 Na5 19. a4 Bd7 20. Rfb1 c6 21. axb5 axb5 22. Nxe4 Bf5 23. Nd6 Bxb1 24. Nxe8 Rxe8 25. Rxa5 f5 26. Ra6 Be4 27. c4 Rb8 28. f3 Bc2 29. Rxc6 b4 30. c5 b3 31. Rb6 Rxb6 32. cxb6 b2 33. Bc4+ Kh7 34. Ba2 Bb3 35. Bb1 Bd5 36. Kf2 Kg8 37. Ke1 Kf7 38. Kd2 Ke7 39. Kc3 Kd6 40. Kxb2 Bc4 41. g4 Bd5 42. e4 fxg4 43. fxg4 Be6 44. d5 Bxg4 45. Kc3 Bc8 46. Kd4 Bb7 47. e5+ 1-0